|
|
|
|
| LEADER |
00000nam a2200000 i 4500 |
| 001 |
DIGEDUSTA118 |
| 003 |
NyNyDIG |
| 006 |
m o d |
| 008 |
210606s2019 ck ob 000 0 spa d |
| 007 |
cr ||||||||||| |
| 035 |
|
|
|a (OCoLC)1125025731
|
| 040 |
|
|
|a DGITA
|b eng
|e rda
|e pn
|c DGITA
|
| 020 |
|
|
|a 9789587822014
|q e-ISBN
|
| 020 |
|
|
|a 9587822013
|q e-ISBN
|
| 020 |
|
|
|z 9789587822007
|
| 020 |
|
|
|z 9587822005
|
| 043 |
|
|
|a s-ck---
|
| 050 |
1 |
4 |
|a LE41.B72 ebook
|
| 245 |
0 |
4 |
|a Los estudios generales y la Universidad Tomística de Santa Fe de Bogotá /
|c Édgar Arturo Ramírez Barreto (editor)
|
| 250 |
|
|
|a Primera edición
|
| 264 |
|
1 |
|a Bogotá, D.C., Colombia :
|b Ediciones USTA,
|c 2019
|
| 300 |
|
|
|a 1 online resource.
|
| 336 |
|
|
|a text
|b txt
|2 rdacontent
|
| 337 |
|
|
|a computer
|b c
|2 rdamedia
|
| 338 |
|
|
|a online resource
|b cr
|2 rdacarrier
|
| 347 |
|
|
|a text file
|2 rdaft
|
| 347 |
|
|
|b EPUB
|
| 490 |
1 |
|
|a Artefactum
|
| 504 |
|
|
|a Includes bibliographical references
|
| 505 |
0 |
|
|a La Universidad Santo Tomás : un modelo de universidad de estudio general / Miguel Moreno Lugo -- Libertad y tradición : los estudios generales y el devenir histórico de la Universdad Santo Tomás / Juan Sebastián Ballén Rodríguez -- Del estudio general a la universidad de estudio general / Francisco Javier Yate Rodríguez -- El estudio general de la Orden de Predicadores y la Universidad Tomística de Estudios Generales en la Nueva Granada / Édgar Arturo Ramírez Barreto.
|
| 588 |
0 |
|
|a Online resource; title from ePub title page (Digitalia, viewed June 7, 2021)
|
| 610 |
2 |
0 |
|a Universidad de Santo Tomás (Bogotá, Colombia)
|x History.
|
| 650 |
|
0 |
|a Catholic universities and colleges
|z Colombia
|z Bogotá
|x History.
|
| 650 |
|
0 |
|a Education, Higher
|z Colombia
|z Bogotá
|x History.
|
| 610 |
2 |
0 |
|a Dominicans
|x Education
|z Colombia
|z Bogotá
|x History.
|
| 655 |
|
0 |
|a Electronic books.
|
| 700 |
1 |
|
|a Ramírez Barreto, Édgar Arturo,
|e editor.
|
| 791 |
2 |
|
|a Digitalia (Firm),
|e distributor.
|
| 793 |
0 |
|
|g Digitalia eBook Collection:
|a Ediciones USTA
|
| 776 |
0 |
8 |
|i Print version:
|t Estudios generales y la Universidad Tomística de Santa Fe de Bogotá.
|b Primera edición.
|d Bogotá, D.C., Colombia : Ediciones USTA, 2019
|z 9789587822007
|w (OCoLC)1121018345
|
| 830 |
|
0 |
|a Artefactum (Bogotá, Colombia)
|
| 856 |
4 |
0 |
|3 Digitalia Hispánica
|u https://www.digitaliapublishing.com/a/80564/
|
| 910 |
|
|
|a Premium collection: 2021
|